La Corte Penal Internacional ante el crimen de violencia sexual /

Estudio acerca del origen y constitución de la Corte Penal Internacional, y análisis de las disposiciones de sus estatutos en torno al crimen de violencia sexual, así como los factores y actores que influyeron en la inclusión de este crimen en los documentos de la Corte.

Tallennettuna:
Bibliografiset tiedot
Päätekijä: Zorrilla, Maider (autor)
Aineistotyyppi: Kirja
Kieli:espanja
Julkaistu: Bilbao, España : Universidad de Deusto, 2005, c2005
Sarja:(Cuadernos Deusto de Derechos Humanos ; 34)
Aiheet:
Tagit: Lisää tagi
Ei tageja, Lisää ensimmäinen tagi!

MARC

LEADER 00000nam^a2200000^a^4500
001 000189828
005 20250521000000.0
009 20260310102429.131
020 |a 84-7485-981-6 
037 |a Acervo ITESO - Biblioteca 
041 |a ESP 
082 |a 341. 771  |b ZOR 
100 |a Zorrilla, Maider  |e (autor) 
245 1 3 |a La Corte Penal Internacional ante el crimen de violencia sexual /  |c M. Zorrilla. 
264 4 |a Bilbao, España :  |b Universidad de Deusto,  |c 2005, c2005 
300 |a 94 p. 
336 |a texto  |b txt  |2 rdacontenido 
337 |a sin mediación  |b n  |2 rdamedio 
338 |a volumen  |b nc  |2 rdasoporte 
440 1 |a (Cuadernos Deusto de Derechos Humanos ;  |v 34) 
520 |a Estudio acerca del origen y constitución de la Corte Penal Internacional, y análisis de las disposiciones de sus estatutos en torno al crimen de violencia sexual, así como los factores y actores que influyeron en la inclusión de este crimen en los documentos de la Corte. 
649 |a XX 
650 |a Mujeres -  |x Condiciones Jurídicas 
650 |a Violación -  |x Aspectos Jurídicos 
650 |a Delitos Sexuales -  |x Tema Principal 
650 |a Corte Penal Internacional 
650 |a Derecho Penal 
650 |a Derechos Humanos 
650 |a Derecho Internacional 
910 |a Fondo General 
920 |a Impresos - Libros 
930 |a Colección General 
905 |a 101 
901 |a 0500132903  |b IT1  |c ACC  |u 20250521 
902 |a https://opac.biblio.iteso.mx/vufind/Record/000189828